Faculty of Law Library — Cairo University

Official Online Catalog

أحكام المرأة فى التشريع الجنائي الأسلامى : (Record no. 59691)

MARC details
000 -LEADER
fixed length control field 01251nam a2200337 i 4500
003 - CONTROL NUMBER IDENTIFIER
control field EG-GICUC
005 - DATE AND TIME OF LATEST TRANSACTION
control field 20260127163805.0
008 - FIXED-LENGTH DATA ELEMENTS--GENERAL INFORMATION
fixed length control field 260127s19931413ua ||||fr|||| 00| 0 ara d
017 ## - COPYRIGHT OR LEGAL DEPOSIT NUMBER
Copyright or legal deposit number 93/1842
020 ## - INTERNATIONAL STANDARD BOOK NUMBER
International Standard Book Number 9770409324
040 ## - CATALOGING SOURCE
Original cataloging agency EG-GICUC
Language of cataloging ara
Transcribing agency EG-GICUC
Modifying agency EG-GICUC
Description conventions rda
041 ## - LANGUAGE CODE
Language code of text/sound track or separate title ara
082 04 - DEWEY DECIMAL CLASSIFICATION NUMBER
Edition number 21
Classification number 343.91
Item number ح س . أ
092 04 - LOCALLY ASSIGNED DEWEY CALL NUMBER (OCLC)
Edition number 21
099 ## - LOCAL FREE-TEXT CALL NUMBER (OCLC)
Classification number Law1 10 343.91 ح س . أ 2 ed - 1993
100 0# - MAIN ENTRY--PERSONAL NAME
Personal name حسنى الجندى
Relator term مؤلف.
245 10 - TITLE STATEMENT
Title أحكام المرأة فى التشريع الجنائي الأسلامى :
Remainder of title دراسة مقارنة /
Statement of responsibility, etc. تأليف دكتور حسنى الجندى.
250 ## - EDITION STATEMENT
Edition statement الطبعة الثانية،
Remainder of edition statement ه1413-1993م
264 #1 - PRODUCTION, PUBLICATION, DISTRIBUTION, MANUFACTURE, AND COPYRIGHT NOTICE
Place of production, publication, distribution, manufacture القاهرة :
Name of producer, publisher, distributor, manufacturer دار النهضة العربية،
Date of production, publication, distribution, manufacture, or copyright notice 1993.
300 ## - PHYSICAL DESCRIPTION
Extent 191 صفحة ;
Dimensions 24 سم.
336 ## - CONTENT TYPE
Source rda content
Content type term text
337 ## - MEDIA TYPE
Source rda media
Media type term Computer
338 ## - CARRIER TYPE
Source rda carrier
Carrier type term Online Resource
504 ## - BIBLIOGRAPHY, ETC. NOTE
Bibliography, etc. note يشتمل على إرجاعات ببليوجرافية.
650 1# - SUBJECT ADDED ENTRY--TOPICAL TERM
Topical term or geographic name entry element القانون الجنائي
650 1# - SUBJECT ADDED ENTRY--TOPICAL TERM
Topical term or geographic name entry element النظام الجنائي الإسلامي
653 ## - INDEX TERM--UNCONTROLLED
Uncontrolled term أحكام المرأة
856 40 - ELECTRONIC LOCATION AND ACCESS
Uniform Resource Identifier <a href="https://fll.law.cu.edu.eg/fulltext/bks/B10-08054.pdf">https://fll.law.cu.edu.eg/fulltext/bks/B10-08054.pdf</a>
905 ## - Cataloger and Reviser Names
Cataloger Name: Gomana
942 ## - ADDED ENTRY ELEMENTS (KOHA)
Source of classification or shelving scheme Dewey Decimal Classification
Suppress in OPAC No
Koha item type Books
Edition 21
Holdings
Withdrawn status Lost status Source of classification or shelving scheme Damaged status Not for loan Collection Home library Current library Date acquired Total checkouts Full call number Barcode Date last seen Copy number Price effective from Koha item type
    Dewey Decimal Classification   Not for loan القانون الجنائي جــــامعة القــاهرة مكتبة كلية الحقوق - المبنى الرئيسي 27.01.2026   Law1 10 343.91 ح س . أ 2 ed - 1993 1008054 C1 B10-08054 27.01.2026 1 27.01.2026 Books
    Dewey Decimal Classification     القانون الجنائي جــــامعة القــاهرة مكتبة كلية الحقوق - المبنى الرئيسي 27.01.2026   Law1 10 343.91 ح س . أ 2 ed - 1993 1008055 C2 B10-08055 27.01.2026 2 27.01.2026 Books
    Dewey Decimal Classification     القانون الجنائي جــــامعة القــاهرة مكتبة كلية الحقوق - فـرع الشيخ زايد 27.01.2026   Law2 10 343.91 ح س . أ 2 ed - 1993 1008056 C3 B10-08056 27.01.2026 3 27.01.2026 Books

© All rights reserved — Faculty of Law, Cairo University